Tesis la auditoria interna en la optimización del Gobierno corporativo a nivel de una empresa de producción de Biocombustibles (Registro nro. 48275)
[ vista simple ]
| 000 -CABECERA | |
|---|---|
| Campo de control interno | nam a22 7a 4500 |
| 005 - FECHA Y HORA DE LA CATALOGACION | |
| Campo de control | 20230328094019.0 |
| 008 - ELEMENTOS DE LONGITUD FIJA - INFORMACION | |
| Elementos de Longitud Fija - Informaci | 200414b xxu||||| |||| 00| 0 eng d |
| 040 ## - ORIGEN DE LA CATALOGACION | |
| Origen de la Catalogación | ANE |
| 041 ## - CODIGO DE LENGUAJE | |
| Código de lenguaje del texto | Es |
| 100 ## - AUTOR PERSONAL | |
| Autor Personal | Jorge Luis,Prado Palomino |
| 245 ## - TÍTULO GENERAL | |
| Título | Tesis la auditoria interna en la optimización del Gobierno corporativo a nivel de una empresa de producción de Biocombustibles |
| Mención del autor | Jorge Luis, Prado Palomino |
| 260 ## - EDITORIAL | |
| Ciudad | LIMA – PERÚ |
| Fecha | 2013 |
| 300 ## - DESCRIPCION | |
| Número de páginas | 140 p. |
| 650 ## - DESCRIPTORES - TEMAS | |
| Temas - Descriptores | Auditoria Interna |
| 650 ## - DESCRIPTORES - TEMAS | |
| Temas - Descriptores | Control Gestión Empresarial |
| 650 ## - DESCRIPTORES - TEMAS | |
| Temas - Descriptores | Contabilidad Finanzas |
| 650 ## - DESCRIPTORES - TEMAS | |
| Temas - Descriptores | Biocombustibles |
| 856 ## - URL - Ubicaci | |
| URI/URL | http://documentacion.asambleanacional.gob.ec/alfresco/d/d/workspace/SpacesStore/677a93f2-c127-4be3-af1d-25cc6128e879/LA%20AUDITORIA%20INTERNA%20EN%20LA%20OPTIMIZACI%c3%92N%20%20DEL%20GOBIERNO.pdf |
| 942 ## - ELEMENTOS DE KOHA | |
| Esquema de Clasificaci | |
| Tipo de Documento | Biblioteca Virtual |
| Catalogador | Nr. |
| Withdrawn status | Lost status | Fuente de Clasificaci | Damaged status | Not for loan | Ubicaci | Biblioteca | Fecha de Adquisición | Vía de adquisición | Signatura Topogr | Código de barras | Date last seen | Price effective from | Tipo de Item |
|---|---|---|---|---|---|---|---|---|---|---|---|---|---|
| Biblioteca Asamblea Nacional | Biblioteca Asamblea Nacional | 2020-04-14 | Donación | TESIS | 0213 | 2020-04-14 | 2020-04-14 | Biblioteca Virtual |